[Event "Rapid Tournament (RAP)"]
[Site "Biel, CH"]
[Date "2025.07.13"]
[Round "2"]
[White "Ranieri, Pierpaolo"]
[Black "Sauvin, Jacques"]
[Result "0-1"]
[Board "20"]
[WhiteFideId "893986"]
[BlackFideId "1301888"]
[WhiteElo "1882"]
[BlackElo "2147"]
[WhiteTeam "ITA"]
[BlackTeam "SUI"]
[WhiteClock "0:00:27"]
[BlackClock "0:04:57"]
[Variant "Standard"]

1. d4 {[%clk 0:13:41]}  d5 {[%clk 0:15:07]} 2. c4 {[%clk 0:13:45]}  e6 {[%clk 0:15:09]} 3. Nf3 {[%clk 0:13:48]}  Nf6 {[%clk 0:15:10]} 4. Nc3 {[%clk 0:13:52]}  c6 {[%clk 0:15:04]} 5. e3 {[%clk 0:13:53]}  Nbd7 {[%clk 0:14:58]} 6. Be2 {[%clk 0:13:56]}  dxc4 {[%clk 0:14:56]} 7. Bxc4 {[%clk 0:13:44]}  b5 {[%clk 0:14:59]} 8. Bd3 {[%clk 0:13:44]}  a6 {[%clk 0:15:01]} 9. O-O {[%clk 0:13:36]}  c5 {[%clk 0:14:48]} 10. a4 {[%clk 0:13:23]}  b4 {[%clk 0:14:35]} 11. Ne4 {[%clk 0:13:23]}  Bb7 {[%clk 0:14:09]} 12. Nxf6+ {[%clk 0:12:51]}  Nxf6 {[%clk 0:13:44]} 13. Ne5 {[%clk 0:12:20]}  cxd4 {[%clk 0:13:00]} 14. exd4 {[%clk 0:12:23]}  Qd5 {[%clk 0:11:59]} 15. Nf3 {[%clk 0:12:01]}  Be7 {[%clk 0:11:06]} 16. Qe2 {[%clk 0:11:35]}  O-O {[%clk 0:11:17]} 17. Bc4 {[%clk 0:10:54]}  Qh5 {[%clk 0:10:47]} 18. b3 {[%clk 0:10:14]}  Rfd8 {[%clk 0:09:44]} 19. Be3 {[%clk 0:09:39]}  Bxf3 {[%clk 0:09:14]} 20. Qxf3 {[%clk 0:09:38]}  Qxf3 {[%clk 0:09:10]} 21. gxf3 {[%clk 0:09:40]}  Nd5 {[%clk 0:08:57]} 22. Rac1 {[%clk 0:08:55]}  g6 {[%clk 0:07:28]} 23. Kg2 {[%clk 0:08:38]}  Bf6 {[%clk 0:07:29]} 24. Rfd1 {[%clk 0:08:09]}  Kg7 {[%clk 0:07:22]} 25. Kf1 {[%clk 0:07:46]}  Rd6 {[%clk 0:07:30]} 26. Ke2 {[%clk 0:07:40]}  Rad8 {[%clk 0:07:33]} 27. Bxd5 {[%clk 0:07:18]}  Rxd5 {[%clk 0:07:36]} 28. Rc4 {[%clk 0:07:15]}  a5 {[%clk 0:07:37]} 29. f4 {[%clk 0:07:08]}  R8d7 {[%clk 0:07:37]} 30. Kf3 {[%clk 0:06:59]}  R7d6 {[%clk 0:07:00]} 31. Kg2 {[%clk 0:06:51]}  Rh5 {[%clk 0:06:52]} 32. Rd2 {[%clk 0:06:40]}  Rdd5 {[%clk 0:06:53]} 33. Kg3 {[%clk 0:06:21]}  Be7 {[%clk 0:06:32]} 34. Rc7 {[%clk 0:06:07]}  Bd6 {[%clk 0:06:39]} 35. Rc4 {[%clk 0:06:09]}  Rdf5 {[%clk 0:06:18]} 36. Rc6 {[%clk 0:06:00]}  Rd5 {[%clk 0:06:09]} 37. Rc4 {[%clk 0:06:03]}  h6 {[%clk 0:06:08]} 38. h4 {[%clk 0:05:34]}  Be7 {[%clk 0:06:02]} 39. Rc7 {[%clk 0:05:14]}  Bxh4+ {[%clk 0:06:03]} 40. Kg4 {[%clk 0:05:15]}  Bf6 {[%clk 0:05:55]} 41. Rc5 {[%clk 0:04:37]}  Rhf5 {[%clk 0:05:16]} 42. Rxd5 {[%clk 0:04:19]}  Rxd5 {[%clk 0:05:39]} 43. Kf3 {[%clk 0:04:22]}  h5 {[%clk 0:05:39]} 44. Ke4 {[%clk 0:04:25]}  Be7 {[%clk 0:05:35]} 45. Rc2 {[%clk 0:04:26]}  Bd6 {[%clk 0:05:35]} 46. Rc6 {[%clk 0:04:05]}  Kf6 {[%clk 0:05:25]} 47. f3 {[%clk 0:04:04]}  Ke7 {[%clk 0:05:36]} 48. Bf2 {[%clk 0:03:47]}  Kd7 {[%clk 0:05:38]} 49. Rc4 {[%clk 0:03:45]}  Rf5 {[%clk 0:05:29]} 50. Be3 {[%clk 0:03:37]}  h4 {[%clk 0:05:33]} 51. Rc2 {[%clk 0:03:41]}  Rh5 {[%clk 0:05:26]} 52. Rh2 {[%clk 0:03:39]}  h3 {[%clk 0:05:26]} 53. Bf2 {[%clk 0:03:08]}  Kc6 {[%clk 0:05:25]} 54. Bg3 {[%clk 0:03:04]}  f5+ {[%clk 0:05:26]} 55. Kd3 {[%clk 0:03:03]}  Kd5 {[%clk 0:05:11]} 56. Rc2 {[%clk 0:02:55]}  Rh8 {[%clk 0:05:24]} 57. Bh2 {[%clk 0:02:54]}  Rh4 {[%clk 0:05:13]} 58. Ke3 {[%clk 0:02:47]}  Rh7 {[%clk 0:04:59]} 59. Kd3 {[%clk 0:02:10]}  Rc7 {[%clk 0:05:00]} 60. Rc4 {[%clk 0:02:00]}  Rc6 {[%clk 0:04:47]} 61. Bg3 {[%clk 0:01:31]}  Be7 {[%clk 0:04:46]} 62. Bh2 {[%clk 0:00:56]}  Bh4 {[%clk 0:04:50]} 63. Rxc6 {[%clk 0:00:40]}  Kxc6 {[%clk 0:04:53]} 64. Kc4 {[%clk 0:00:42]}  Bf2 {[%clk 0:04:54]} 65. Kd3 {[%clk 0:00:27]}  Kd5 {[%clk 0:04:57]} 0-1

[Event "Rapid Tournament (RAP)"]
[Site "Biel, CH"]
[Date "2025.07.13"]
[Round "2"]
[White "Schreiber, Edwin"]
[Black "Schweizer, Simon"]
[Result "0-1"]
[Board "21"]
[WhiteFideId "2011921"]
[BlackFideId "1325361"]
[WhiteElo "1863"]
[BlackElo "2131"]
[WhiteTeam "USA"]
[BlackTeam "JPN"]
[WhiteClock "0:02:43"]
[BlackClock "0:11:06"]
[Variant "Standard"]

1. e4 {[%clk 0:00:00]}  g6 {[%clk 0:15:05]} 2. d4 {[%clk 0:15:05]}  Bg7 {[%clk 0:15:06]} 3. Nc3 {[%clk 0:15:03]}  d6 {[%clk 0:15:09]} 4. Be3 {[%clk 0:15:06]}  a6 {[%clk 0:15:12]} 5. h4 {[%clk 0:14:55]}  h5 {[%clk 0:15:11]} 6. Qd2 {[%clk 0:14:44]}  b5 {[%clk 0:15:14]} 7. f3 {[%clk 0:14:38]}  Bb7 {[%clk 0:15:15]} 8. Bd3 {[%clk 0:13:57]}  Nd7 {[%clk 0:15:18]} 9. Nce2 {[%clk 0:13:05]}  c5 {[%clk 0:15:17]} 10. c3 {[%clk 0:13:07]}  Qc7 {[%clk 0:15:16]} 11. Nh3 {[%clk 0:12:54]}  e5 {[%clk 0:15:11]} 12. Rc1 {[%clk 0:11:04]}  Ngf6 {[%clk 0:13:39]} 13. Ng5 {[%clk 0:11:45]}  O-O {[%clk 0:13:13]} 14. Bb1 {[%clk 0:10:31]}  d5 {[%clk 0:13:29]} 15. dxe5 {[%clk 0:10:20]}  Nxe5 {[%clk 0:13:16]} 16. Bf4 {[%clk 0:09:34]}  Qe7 {[%clk 0:13:00]} 17. O-O {[%clk 0:09:12]}  Nc4 {[%clk 0:12:51]} 18. Qc2 {[%clk 0:08:18]}  dxe4 {[%clk 0:12:54]} 19. Nxe4 {[%clk 0:08:04]}  Nxe4 {[%clk 0:12:56]} 20. fxe4 {[%clk 0:07:57]}  Qxh4 {[%clk 0:12:56]} 21. Rcd1 {[%clk 0:06:41]}  Rae8 {[%clk 0:12:28]} 22. Ng3 {[%clk 0:05:32]}  Qg4 {[%clk 0:12:26]} 23. Qe2 {[%clk 0:04:25]}  Qxe2 {[%clk 0:12:17]} 24. Nxe2 {[%clk 0:04:28]}  Bxe4 {[%clk 0:12:20]} 25. Ng3 {[%clk 0:03:53]}  Bxb1 {[%clk 0:12:04]} 26. Rxb1 {[%clk 0:03:57]}  Re6 {[%clk 0:11:46]} 27. b3 {[%clk 0:03:18]}  Ne3 {[%clk 0:11:45]} 28. Rfc1 {[%clk 0:02:49]}  h4 {[%clk 0:11:12]} 29. Nf1 {[%clk 0:02:43]}  Nxf1 {[%clk 0:11:02]} 30. Kxf1 {[%clk 0:02:43]}  Rf6 {[%clk 0:11:06]} 0-1

[Event "Rapid Tournament (RAP)"]
[Site "Biel, CH"]
[Date "2025.07.13"]
[Round "2"]
[White "Lipecki, Alexander"]
[Black "Anetov, Amirzhan"]
[Result "1-0"]
[Board "22"]
[WhiteFideId "1303511"]
[BlackFideId "13784951"]
[WhiteElo "2126"]
[BlackElo "1856"]
[WhiteTeam "SUI"]
[BlackTeam "KAZ"]
[WhiteClock "0:08:46"]
[BlackClock "0:00:16"]
[Variant "Standard"]

1. d4 {[%clk 0:15:06]}  Nf6 {[%clk 0:15:10]} 2. Bf4 {[%clk 0:15:04]}  d5 {[%clk 0:15:10]} 3. e3 {[%clk 0:15:03]}  c5 {[%clk 0:15:14]} 4. c3 {[%clk 0:15:04]}  Nc6 {[%clk 0:15:18]} 5. Nf3 {[%clk 0:15:05]}  Qb6 {[%clk 0:15:23]} 6. Qc1 {[%clk 0:14:47]}  g6 {[%clk 0:15:21]} 7. Nbd2 {[%clk 0:14:49]}  Bg7 {[%clk 0:15:22]} 8. Bd3 {[%clk 0:14:51]}  cxd4 {[%clk 0:15:25]} 9. exd4 {[%clk 0:14:51]}  O-O {[%clk 0:15:23]} 10. O-O {[%clk 0:14:52]}  Bf5 {[%clk 0:15:26]} 11. Bxf5 {[%clk 0:14:40]}  gxf5 {[%clk 0:15:30]} 12. Nb3 {[%clk 0:14:43]}  Rac8 {[%clk 0:15:34]} 13. Ne5 {[%clk 0:14:43]}  e6 {[%clk 0:15:24]} 14. Bh6 {[%clk 0:14:20]}  Nxe5 {[%clk 0:14:58]} 15. dxe5 {[%clk 0:14:18]}  Ne4 {[%clk 0:14:20]} 16. Qf4 {[%clk 0:14:04]}  Bxh6 {[%clk 0:14:00]} 17. Qxh6 {[%clk 0:14:06]}  Kh8 {[%clk 0:14:03]} 18. Rae1 {[%clk 0:13:02]}  Rg8 {[%clk 0:14:04]} 19. Qe3 {[%clk 0:13:05]}  Qa6 {[%clk 0:13:40]} 20. f3 {[%clk 0:12:50]}  Ng5 {[%clk 0:13:29]} 21. h4 {[%clk 0:12:25]}  Qxa2 {[%clk 0:13:06]} 22. Nd4 {[%clk 0:12:27]}  Qxb2 {[%clk 0:11:31]} 23. hxg5 {[%clk 0:12:27]}  Rxc3 {[%clk 0:11:35]} 24. Qf2 {[%clk 0:12:01]}  Qxf2+ {[%clk 0:11:16]} 25. Kxf2 {[%clk 0:12:03]}  Rxg5 {[%clk 0:11:20]} 26. Rc1 {[%clk 0:12:06]}  Rd3 {[%clk 0:10:29]} 27. Rc8+ {[%clk 0:11:25]}  Kg7 {[%clk 0:10:32]} 28. Ne2 {[%clk 0:11:29]}  f4 {[%clk 0:10:06]} 29. Nxf4 {[%clk 0:11:08]}  Rd2+ {[%clk 0:10:09]} 30. Ke3 {[%clk 0:11:12]}  Ra2 {[%clk 0:08:43]} 31. g4 {[%clk 0:10:03]}  Rxe5+ {[%clk 0:05:51]} 32. Kd4 {[%clk 0:10:29]}  Rg5 {[%clk 0:03:48]} 33. Nh5+ {[%clk 0:10:28]}  Kg6 {[%clk 0:03:45]} 34. Rh1 {[%clk 0:09:27]}  Ra4+ {[%clk 0:03:20]} 35. Kd3 {[%clk 0:09:21]}  Ra3+ {[%clk 0:02:37]} 36. Ke2 {[%clk 0:08:41]}  Ra2+ {[%clk 0:00:46]} 37. Ke3 {[%clk 0:08:44]}  Re5+ {[%clk 0:00:07]} 38. Kf4 {[%clk 0:08:46]}  f6 {[%clk 0:00:10]} 39. Rc7 {[%clk 0:08:44]}  Ra4+ {[%clk 0:00:13]} 40. Kg3 {[%clk 0:08:47]}  Rxh5 {[%clk 0:00:06]} 41. Rxh5 {[%clk 0:08:48]}  h6 {[%clk 0:00:09]} 42. Rxb7 {[%clk 0:08:45]}  e5 {[%clk 0:00:08]} 43. Rd7 {[%clk 0:08:38]}  d4 {[%clk 0:00:10]} 44. Rd6 {[%clk 0:08:40]}  Ra3 {[%clk 0:00:11]} 45. Rf5 {[%clk 0:08:43]}  a5 {[%clk 0:00:07]} 46. Rdxf6+ {[%clk 0:08:35]}  Kg7 {[%clk 0:00:09]} 47. Kh4 {[%clk 0:08:35]}  Ra1 {[%clk 0:00:09]} 48. Rf7+ {[%clk 0:08:36]}  Kg8 {[%clk 0:00:13]} 49. Kh5 {[%clk 0:08:39]}  Rb1 {[%clk 0:00:13]} 50. Rf8+ {[%clk 0:08:42]}  Kg7 {[%clk 0:00:16]} 51. R5f7# {[%clk 0:08:46]} 1-0

[Event "Rapid Tournament (RAP)"]
[Site "Biel, CH"]
[Date "2025.07.13"]
[Round "2"]
[White "Rosen, Noah"]
[Black "Mikavica, Mirko"]
[Result "0-1"]
[Board "23"]
[WhiteFideId "1356267"]
[BlackFideId "908657"]
[WhiteElo "1849"]
[BlackElo "2115"]
[WhiteTeam "SUI"]
[BlackTeam "SRB"]
[WhiteClock "0:00:30"]
[BlackClock "0:03:11"]
[Variant "Standard"]

1. e4 {[%clk 0:15:07]}  d6 {[%clk 0:15:09]} 2. d4 {[%clk 0:15:11]}  Nf6 {[%clk 0:15:13]} 3. Nc3 {[%clk 0:15:15]}  Nbd7 {[%clk 0:15:17]} 4. Be3 {[%clk 0:15:08]}  e5 {[%clk 0:15:19]} 5. d5 {[%clk 0:14:32]}  c6 {[%clk 0:15:22]} 6. f3 {[%clk 0:14:08]}  Be7 {[%clk 0:15:03]} 7. Qd2 {[%clk 0:14:01]}  Nb6 {[%clk 0:15:04]} 8. O-O-O {[%clk 0:13:21]}  cxd5 {[%clk 0:15:05]} 9. exd5 {[%clk 0:13:11]}  O-O {[%clk 0:13:56]} 10. h4 {[%clk 0:12:19]}  Bd7 {[%clk 0:13:36]} 11. h5 {[%clk 0:11:52]}  Rc8 {[%clk 0:13:32]} 12. g4 {[%clk 0:11:36]}  Rxc3 {[%clk 0:12:19]} 13. Bxb6 {[%clk 0:10:22]}  Rxc2+ {[%clk 0:11:59]} 14. Qxc2 {[%clk 0:10:26]}  Qxb6 {[%clk 0:12:03]} 15. Kb1 {[%clk 0:10:16]}  Rc8 {[%clk 0:11:52]} 16. Qd2 {[%clk 0:09:34]}  Rc5 {[%clk 0:11:13]} 17. Bd3 {[%clk 0:08:01]}  Nxd5 {[%clk 0:10:45]} 18. Ne2 {[%clk 0:08:01]}  h6 {[%clk 0:10:42]} 19. Be4 {[%clk 0:07:16]}  Bd8 {[%clk 0:00:00]} 20. Qd3 {[%clk 0:06:32]}  Be6 {[%clk 0:10:08]} 21. Bxd5 {[%clk 0:05:20]}  Bg5 {[%clk 0:09:47]} 22. Qe4 {[%clk 0:06:04]}  Rxd5 {[%clk 0:09:47]} 23. Ng3 {[%clk 0:04:58]}  Rc5 {[%clk 0:08:35]} 24. b3 {[%clk 0:03:09]}  Qa6 {[%clk 0:07:00]} 25. Rh2 {[%clk 0:02:33]}  Rc3 {[%clk 0:06:24]} 26. Qe1 {[%clk 0:02:02]}  Bf4 {[%clk 0:06:01]} 27. Rg2 {[%clk 0:02:02]}  Rxf3 {[%clk 0:06:01]} 28. Nf5 {[%clk 0:01:04]}  Qa3 {[%clk 0:03:51]} 29. Rxd6 {[%clk 0:01:04]}  Bxb3 {[%clk 0:03:11]} 30. Rd8+ {[%clk 0:00:30]} 0-1

[Event "Rapid Tournament (RAP)"]
[Site "Biel, CH"]
[Date "2025.07.13"]
[Round "2"]
[White "Fragniere, Thierry"]
[Black "Shumilov, Ruslan"]
[Result "0-1"]
[Board "24"]
[WhiteFideId "1306537"]
[BlackFideId "1360183"]
[WhiteElo "2110"]
[BlackElo "1839"]
[WhiteTeam "FRA"]
[BlackTeam "SUI"]
[WhiteClock "0:00:11"]
[BlackClock "0:00:30"]
[Variant "Standard"]

1. d4 {[%clk 0:15:09]}  Nf6 {[%clk 0:15:09]} 2. Nf3 {[%clk 0:15:12]}  d5 {[%clk 0:15:11]} 3. c4 {[%clk 0:15:15]}  c6 {[%clk 0:15:09]} 4. Nc3 {[%clk 0:15:17]}  Bg4 {[%clk 0:14:41]} 5. Ne5 {[%clk 0:15:10]}  e6 {[%clk 0:14:30]} 6. Nxg4 {[%clk 0:14:31]}  Nxg4 {[%clk 0:14:31]} 7. e4 {[%clk 0:13:27]}  Nf6 {[%clk 0:13:15]} 8. Bg5 {[%clk 0:12:19]}  Nbd7 {[%clk 0:12:25]} 9. cxd5 {[%clk 0:10:01]}  cxd5 {[%clk 0:11:32]} 10. Bb5 {[%clk 0:09:51]}  dxe4 {[%clk 0:10:20]} 11. O-O {[%clk 0:08:23]}  Be7 {[%clk 0:09:41]} 12. Bxf6 {[%clk 0:08:17]}  Bxf6 {[%clk 0:08:39]} 13. Nxe4 {[%clk 0:08:09]}  a6 {[%clk 0:06:51]} 14. Nd6+ {[%clk 0:06:09]}  Ke7 {[%clk 0:06:33]} 15. Nxb7 {[%clk 0:06:06]}  Qb6 {[%clk 0:06:01]} 16. Bxd7 {[%clk 0:06:06]}  Qxb7 {[%clk 0:05:54]} 17. Ba4 {[%clk 0:05:57]}  Rhd8 {[%clk 0:05:56]} 18. Qh5 {[%clk 0:03:34]}  Rd5 {[%clk 0:05:02]} 19. Qf3 {[%clk 0:02:34]}  Rad8 {[%clk 0:02:54]} 20. Qa3+ {[%clk 0:00:44]}  R8d6 {[%clk 0:02:50]} 21. Rac1 {[%clk 0:00:45]}  Rxd4 {[%clk 0:02:39]} 22. Bc6 {[%clk 0:00:22]}  Qb6 {[%clk 0:01:44]} 23. Rc2 {[%clk 0:00:25]}  Bg5 {[%clk 0:01:18]} 24. Kh1 {[%clk 0:00:15]}  f6 {[%clk 0:00:36]} 25. g3 {[%clk 0:00:07]}  Kf7 {[%clk 0:00:34]} 26. f4 {[%clk 0:00:11]}  Rxc6 {[%clk 0:00:30]} 0-1

[Event "Rapid Tournament (RAP)"]
[Site "Biel, CH"]
[Date "2025.07.13"]
[Round "2"]
[White "Letac, Loig"]
[Black "Frey,Fabian"]
[Result "0-1"]
[Board "25"]
[WhiteFideId "1367927"]
[BlackFideId "1336487"]
[WhiteElo "1847"]
[BlackElo "2102"]
[WhiteTeam "SUI"]
[BlackTeam "SUI"]
[WhiteClock "0:03:07"]
[BlackClock "0:04:51"]
[Variant "Standard"]

1. e4 {[%clk 0:15:09]}  c5 {[%clk 0:15:09]} 2. Nf3 {[%clk 0:15:11]}  d6 {[%clk 0:15:13]} 3. d4 {[%clk 0:15:15]}  cxd4 {[%clk 0:15:16]} 4. Nxd4 {[%clk 0:15:18]}  Nf6 {[%clk 0:15:20]} 5. Nc3 {[%clk 0:15:20]}  a6 {[%clk 0:15:24]} 6. f3 {[%clk 0:15:21]}  e5 {[%clk 0:15:27]} 7. Nb3 {[%clk 0:15:25]}  Be7 {[%clk 0:15:31]} 8. Be3 {[%clk 0:15:24]}  Be6 {[%clk 0:15:35]} 9. Qd2 {[%clk 0:15:27]}  h5 {[%clk 0:15:39]} 10. O-O-O {[%clk 0:14:36]}  Nbd7 {[%clk 0:15:43]} 11. h3 {[%clk 0:14:32]}  Rc8 {[%clk 0:14:34]} 12. f4 {[%clk 0:14:12]}  Qc7 {[%clk 0:14:08]} 13. g3 {[%clk 0:13:21]}  b5 {[%clk 0:13:25]} 14. Bg2 {[%clk 0:13:00]}  b4 {[%clk 0:12:39]} 15. Nd5 {[%clk 0:12:49]}  Nxd5 {[%clk 0:12:39]} 16. exd5 {[%clk 0:12:53]}  Bf5 {[%clk 0:12:42]} 17. Na1 {[%clk 0:11:54]}  exf4 {[%clk 0:12:39]} 18. Bxf4 {[%clk 0:11:38]}  Nb6 {[%clk 0:11:49]} 19. b3 {[%clk 0:10:06]}  Bg6 {[%clk 0:09:37]} 20. Rde1 {[%clk 0:09:32]}  O-O {[%clk 0:09:12]} 21. Be4 {[%clk 0:08:43]}  Bxe4 {[%clk 0:09:03]} 22. Rxe4 {[%clk 0:08:47]}  Bf6 {[%clk 0:08:59]} 23. Kb1 {[%clk 0:07:28]}  Nxd5 {[%clk 0:07:13]} 24. Qxd5 {[%clk 0:06:06]}  Qc3 {[%clk 0:07:06]} 25. Kc1 {[%clk 0:04:57]}  Qxa1+ {[%clk 0:06:58]} 26. Kd2 {[%clk 0:05:01]}  Qxh1 {[%clk 0:06:07]} 27. Qf5 {[%clk 0:03:49]}  Bc3+ {[%clk 0:05:42]} 28. Ke2 {[%clk 0:03:07]}  Qxe4+ {[%clk 0:04:51]} 0-1

[Event "Rapid Tournament (RAP)"]
[Site "Biel, CH"]
[Date "2025.07.13"]
[Round "2"]
[White "Menzi, Jonas"]
[Black "Hajduk, Tomasz"]
[Result "1/2-1/2"]
[Board "26"]
[WhiteFideId "1345133"]
[BlackFideId "21811415"]
[WhiteElo "2097"]
[BlackElo "1830"]
[WhiteTeam "SUI"]
[BlackTeam "POL"]
[WhiteClock "0:00:14"]
[BlackClock "0:00:26"]
[Variant "Standard"]

1. e4 {[%clk 0:15:09]}  c5 {[%clk 0:15:09]} 2. Nf3 {[%clk 0:15:11]}  d6 {[%clk 0:15:13]} 3. Bb5+ {[%clk 0:15:14]}  Bd7 {[%clk 0:15:12]} 4. Bxd7+ {[%clk 0:15:17]}  Qxd7 {[%clk 0:15:14]} 5. c4 {[%clk 0:15:21]}  Nc6 {[%clk 0:15:18]} 6. Nc3 {[%clk 0:15:09]}  e6 {[%clk 0:15:14]} 7. d4 {[%clk 0:15:07]}  cxd4 {[%clk 0:15:11]} 8. Nxd4 {[%clk 0:15:10]}  Nf6 {[%clk 0:14:56]} 9. O-O {[%clk 0:15:11]}  Be7 {[%clk 0:14:55]} 10. Be3 {[%clk 0:14:33]}  O-O {[%clk 0:14:55]} 11. Qe2 {[%clk 0:14:36]}  Rfd8 {[%clk 0:13:23]} 12. Rfd1 {[%clk 0:14:37]}  Ne5 {[%clk 0:12:17]} 13. h3 {[%clk 0:13:45]}  Qc7 {[%clk 0:10:25]} 14. b3 {[%clk 0:13:44]}  d5 {[%clk 0:08:00]} 15. Ndb5 {[%clk 0:08:33]}  Qc6 {[%clk 0:06:55]} 16. cxd5 {[%clk 0:07:34]}  exd5 {[%clk 0:04:47]} 17. exd5 {[%clk 0:07:38]}  Qd7 {[%clk 0:04:39]} 18. f4 {[%clk 0:07:21]}  Ng6 {[%clk 0:04:27]} 19. Nxa7 {[%clk 0:05:41]}  Bb4 {[%clk 0:04:13]} 20. Nab5 {[%clk 0:05:39]}  Re8 {[%clk 0:04:04]} 21. Qf2 {[%clk 0:03:54]}  Rac8 {[%clk 0:03:38]} 22. Bd4 {[%clk 0:03:55]}  Ne4 {[%clk 0:03:27]} 23. Nxe4 {[%clk 0:03:27]}  Rxe4 {[%clk 0:03:20]} 24. a4 {[%clk 0:02:57]}  Rxf4 {[%clk 0:02:54]} 25. Qg3 {[%clk 0:03:00]}  Rc2 {[%clk 0:01:42]} 26. Rac1 {[%clk 0:01:59]}  Rxc1 {[%clk 0:00:38]} 27. Rxc1 {[%clk 0:02:03]}  Qxd5 {[%clk 0:00:38]} 28. Rc8+ {[%clk 0:02:03]}  Bf8 {[%clk 0:00:38]} 29. Kh2 {[%clk 0:02:03]}  Rxd4 {[%clk 0:00:38]} 30. Nxd4 {[%clk 0:02:03]}  Qxd4 {[%clk 0:00:38]} 31. h4 {[%clk 0:02:03]}  h5 {[%clk 0:00:38]} 32. Qb8 {[%clk 0:02:03]}  Kh7 {[%clk 0:00:20]} 33. Rxf8 {[%clk 0:02:01]}  Nxf8 {[%clk 0:00:23]} 34. Qxf8 {[%clk 0:00:14]}  Qf4+ {[%clk 0:00:26]} 1/2-1/2

[Event "Rapid Tournament (RAP)"]
[Site "Biel, CH"]
[Date "2025.07.13"]
[Round "2"]
[White "Klopfenstein, Francois"]
[Black "Zenker, Ulrich"]
[Result "0-1"]
[Board "27"]
[WhiteFideId "1303040"]
[BlackFideId "4614976"]
[BlackTitle "FM"]
[WhiteElo "1835"]
[BlackElo "2081"]
[WhiteTeam "SUI"]
[BlackTeam "GER"]
[WhiteClock "0:00:12"]
[BlackClock "0:00:25"]
[Variant "Standard"]

1. e4 {[%clk 0:15:08]}  e5 {[%clk 0:15:08]} 2. Nc3 {[%clk 0:15:11]}  Nf6 {[%clk 0:15:10]} 3. Bc4 {[%clk 0:15:14]}  Bc5 {[%clk 0:13:35]} 4. d3 {[%clk 0:15:12]}  d6 {[%clk 0:12:42]} 5. Na4 {[%clk 0:15:06]}  Bg4 {[%clk 0:11:32]} 6. Nf3 {[%clk 0:14:22]}  Nbd7 {[%clk 0:10:09]} 7. Nxc5 {[%clk 0:11:29]}  Nxc5 {[%clk 0:10:10]} 8. h3 {[%clk 0:11:13]}  Be6 {[%clk 0:07:25]} 9. b4 {[%clk 0:08:25]}  Bxc4 {[%clk 0:07:05]} 10. bxc5 {[%clk 0:08:26]}  Ba6 {[%clk 0:05:34]} 11. cxd6 {[%clk 0:08:22]}  Qxd6 {[%clk 0:05:16]} 12. O-O {[%clk 0:07:53]}  O-O {[%clk 0:04:51]} 13. a4 {[%clk 0:07:24]}  Rfe8 {[%clk 0:04:25]} 14. Nh4 {[%clk 0:06:08]}  c5 {[%clk 0:04:18]} 15. Nf5 {[%clk 0:06:02]}  Qe6 {[%clk 0:04:14]} 16. Be3 {[%clk 0:05:29]}  c4 {[%clk 0:00:33]} 17. f4 {[%clk 0:04:32]}  cxd3 {[%clk 0:02:42]} 18. cxd3 {[%clk 0:02:14]}  Rad8 {[%clk 0:02:43]} 19. fxe5 {[%clk 0:01:18]}  Qxe5 {[%clk 0:02:37]} 20. d4 {[%clk 0:00:57]}  Qxe4 {[%clk 0:02:24]} 21. Rf4 {[%clk 0:01:01]}  Qd5 {[%clk 0:00:54]} 22. Qf3 {[%clk 0:01:03]}  Qxf3 {[%clk 0:00:51]} 23. Rxf3 {[%clk 0:01:06]}  Nd5 {[%clk 0:00:42]} 24. Bf2 {[%clk 0:00:58]}  f6 {[%clk 0:00:32]} 25. Re1 {[%clk 0:00:38]}  Rxe1+ {[%clk 0:00:31]} 26. Bxe1 {[%clk 0:00:41]}  g6 {[%clk 0:00:13]} 27. Nh6+ {[%clk 0:00:41]}  Kg7 {[%clk 0:00:14]} 28. Ng4 {[%clk 0:00:44]}  Re8 {[%clk 0:00:07]} 29. Kf2 {[%clk 0:00:27]}  h5 {[%clk 0:00:08]} 30. Ne3 {[%clk 0:00:27]}  Nxe3 {[%clk 0:00:07]} 31. Rxe3 {[%clk 0:00:31]}  Rxe3 {[%clk 0:00:08]} 32. Kxe3 {[%clk 0:00:34]}  Kf7 {[%clk 0:00:10]} 33. Bc3 {[%clk 0:00:33]}  Ke6 {[%clk 0:00:12]} 34. g3 {[%clk 0:00:36]}  Kd5 {[%clk 0:00:15]} 35. a5 {[%clk 0:00:30]}  Bb5 {[%clk 0:00:15]} 36. h4 {[%clk 0:00:33]}  Bd7 {[%clk 0:00:17]} 37. Bb4 {[%clk 0:00:35]}  b5 {[%clk 0:00:11]} 38. axb6 {[%clk 0:00:38]}  axb6 {[%clk 0:00:20]} 39. Be7 {[%clk 0:00:39]}  f5 {[%clk 0:00:18]} 40. Bb4 {[%clk 0:00:35]}  Kc4 {[%clk 0:00:21]} 41. Bd6 {[%clk 0:00:21]}  b5 {[%clk 0:00:24]} 42. Bc5 {[%clk 0:00:13]}  b4 {[%clk 0:00:25]} 43. Kd2 {[%clk 0:00:16]}  b3 {[%clk 0:00:28]} 44. Kc1 {[%clk 0:00:20]}  Be6 {[%clk 0:00:29]} 45. Kb2 {[%clk 0:00:24]}  Kd3 {[%clk 0:00:31]} 46. Bb6 {[%clk 0:00:19]}  Ke4 {[%clk 0:00:33]} 47. Bc5 {[%clk 0:00:21]}  f4 {[%clk 0:00:35]} 48. gxf4 {[%clk 0:00:22]}  Kxf4 {[%clk 0:00:39]} 49. Be7 {[%clk 0:00:25]}  Ke4 {[%clk 0:00:36]} 50. Bf6 {[%clk 0:00:29]}  Bd5 {[%clk 0:00:38]} 51. Be5 {[%clk 0:00:31]}  g5 {[%clk 0:00:39]} 52. hxg5 {[%clk 0:00:34]}  h4 {[%clk 0:00:40]} 53. g6 {[%clk 0:00:37]}  h3 {[%clk 0:00:39]} 54. g7 {[%clk 0:00:40]}  Kf3 {[%clk 0:00:40]} 55. Kc3 {[%clk 0:00:39]}  Kg2 {[%clk 0:00:42]} 56. Bf4 {[%clk 0:00:12]}  h2 {[%clk 0:00:45]} 57. Bxh2 {[%clk 0:00:15]}  Kxh2 {[%clk 0:00:49]} 58. Kb2 {[%clk 0:00:10]}  Kg3 {[%clk 0:00:51]} 59. Kc3 {[%clk 0:00:11]}  Kf4 {[%clk 0:00:54]} 60. Kd3 {[%clk 0:00:12]}  Kf5 {[%clk 0:00:25]} 0-1

[Event "Rapid Tournament (RAP)"]
[Site "Biel, CH"]
[Date "2025.07.13"]
[Round "2"]
[White "Schweizer, Samuel"]
[Black "Avilova, Yulia"]
[Result "1-0"]
[Board "28"]
[WhiteFideId "1325353"]
[BlackFideId "34166073"]
[WhiteElo "2061"]
[BlackElo "1708"]
[WhiteTeam "JPN"]
[BlackTeam "SUI"]
[WhiteClock "0:05:11"]
[BlackClock "0:00:35"]
[Variant "Standard"]

1. e4 {[%clk 0:15:00]}  c5 {[%clk 0:15:09]} 2. Nf3 {[%clk 0:15:02]}  d6 {[%clk 0:15:13]} 3. d4 {[%clk 0:15:04]}  cxd4 {[%clk 0:15:16]} 4. Nxd4 {[%clk 0:15:06]}  Nf6 {[%clk 0:15:20]} 5. Nc3 {[%clk 0:15:09]}  a6 {[%clk 0:15:23]} 6. h3 {[%clk 0:15:11]}  e6 {[%clk 0:15:24]} 7. g4 {[%clk 0:15:13]}  Be7 {[%clk 0:15:19]} 8. g5 {[%clk 0:14:15]}  Nfd7 {[%clk 0:15:08]} 9. h4 {[%clk 0:14:18]}  b5 {[%clk 0:14:38]} 10. Bg2 {[%clk 0:14:15]}  Bb7 {[%clk 0:14:39]} 11. Qg4 {[%clk 0:12:59]}  b4 {[%clk 0:12:46]} 12. Nce2 {[%clk 0:12:58]}  Nc5 {[%clk 0:12:44]} 13. O-O {[%clk 0:12:33]}  Nbd7 {[%clk 0:12:25]} 14. Ng3 {[%clk 0:11:48]}  Ne5 {[%clk 0:10:58]} 15. Qe2 {[%clk 0:11:23]}  Rc8 {[%clk 0:10:40]} 16. f4 {[%clk 0:11:16]}  Nc6 {[%clk 0:10:32]} 17. Nxc6 {[%clk 0:11:04]}  Bxc6 {[%clk 0:10:20]} 18. Qg4 {[%clk 0:10:13]}  Qb6 {[%clk 0:09:27]} 19. Be3 {[%clk 0:10:05]}  Qb7 {[%clk 0:08:22]} 20. Bxc5 {[%clk 0:09:08]}  dxc5 {[%clk 0:09:18]} 21. f5 {[%clk 0:06:44]}  exf5 {[%clk 0:07:01]} 22. Nxf5 {[%clk 0:06:37]}  g6 {[%clk 0:06:30]} 23. Nxe7 {[%clk 0:07:41]}  Kxe7 {[%clk 0:06:45]} 24. Qf4 {[%clk 0:06:34]}  Kf8 {[%clk 0:06:34]} 25. Bh3 {[%clk 0:07:09]}  Re8 {[%clk 0:04:58]} 26. e5 {[%clk 0:04:55]}  Bd5 {[%clk 0:04:51]} 27. Qf6 {[%clk 0:04:05]}  Rg8 {[%clk 0:02:59]} 28. Rad1 {[%clk 0:05:41]}  Bc4 {[%clk 0:02:07]} 29. Rf4 {[%clk 0:05:21]}  Bxa2 {[%clk 0:01:40]} 30. Rd7 {[%clk 0:03:49]}  Qd5 {[%clk 0:00:31]} 31. Rxd5 {[%clk 0:05:09]}  Bxd5 {[%clk 0:00:34]} 32. Qd6+ {[%clk 0:05:11]}  Re7 {[%clk 0:00:35]} 33. Qxd5 {[%clk 0:05:11]} 1-0